000
00283nam a22001337a 4500
008
171201b xxu||||| |||| 00| 0 eng d
020
_a
531192001
041
_a
eng
080
_a
32
100
_a
18
101
_a
SHP
245
_a
REFORM AND REACTION
_c
MONT, R.R
942
_2
udc
_c
BK
999
_c
38711
_d
38711